Southville International School and Colleges
Your cart is empty.
  • Cart
  • Lists
    Public lists Eva Luna New books Lux_list list_1
    Your lists Log in to create your own lists
  • Log in to your account
  • Your cookies
  • Search history
Southville International School and Colleges
  • Advanced search
  • Recent comments
  • Most popular
  • Libraries

Log in to your account

Log in with GOOGLE


If you do not have an external account, but do have a local account, you can still log in:

  1. Home
  2. MARC view: Shiloh /
Normal view MARC view ISBD view

Shiloh / (Record no. 8008)

[ view plain ]
MARC details
000 -LEADER
fixed length control field 01505cam a2200373 a 4500
001 - CONTROL NUMBER
control field 4359442
003 - CONTROL NUMBER IDENTIFIER
control field OSt
005 - DATE AND TIME OF LATEST TRANSACTION
control field 20160728101636.0
008 - FIXED-LENGTH DATA ELEMENTS--GENERAL INFORMATION
fixed length control field 900412s1991 nyu j 000 1 eng
010 ## - LIBRARY OF CONGRESS CONTROL NUMBER
LC control number 90000603
020 ## - INTERNATIONAL STANDARD BOOK NUMBER
International Standard Book Number 978043959754
020 ## - INTERNATIONAL STANDARD BOOK NUMBER
International Standard Book Number 0439597528
040 ## - CATALOGING SOURCE
Original cataloging agency DLC
Transcribing agency DLC
Modifying agency DLC
042 ## - AUTHENTICATION CODE
Authentication code lcac
050 00 - LIBRARY OF CONGRESS CALL NUMBER
Classification number PZ 7.N333
Item number 1991
082 00 - DEWEY DECIMAL CLASSIFICATION NUMBER
Classification number KF
Item number N23s 1991
100 1# - MAIN ENTRY--PERSONAL NAME
Personal name Naylor, Phyllis Reynolds.
9 (RLIN) 5149
245 10 - TITLE STATEMENT
Title Shiloh /
Statement of responsibility, etc by Phyllis Reynolds Naylor.
250 ## - EDITION STATEMENT
Edition statement 1st ed.
260 ## - PUBLICATION, DISTRIBUTION, ETC. (IMPRINT)
Place of publication, distribution, etc New York :
Name of publisher, distributor, etc Atheneum ;
Place of publication, distribution, etc Toronto :
Name of publisher, distributor, etc Collier Macmillan Canada ;
Place of publication, distribution, etc New York :
Name of publisher, distributor, etc Maxwell Macmillan International Pub. Group,
Date of publication, distribution, etc c1991.
300 ## - PHYSICAL DESCRIPTION
Extent 144 p. ;
Dimensions 22 cm.
520 ## - SUMMARY, ETC.
Summary, etc When he finds a lost beagle in the hills behind his West Virginia home, Marty tries to hide it from his family and the dog's real owner, a mean-spirited man known to shoot deer out of season and to mistreat his dogs.
562 ## - COPY AND VERSION IDENTIFICATION NOTE
Number of copies 2
650 #1 - SUBJECT ADDED ENTRY--TOPICAL TERM
Topical term or geographic name as entry element Dogs
General subdivision Fiction.
9 (RLIN) 5154
650 #1 - SUBJECT ADDED ENTRY--TOPICAL TERM
Topical term or geographic name as entry element Animals
General subdivision Treatment
-- Fiction.
9 (RLIN) 5155
651 #1 - SUBJECT ADDED ENTRY--GEOGRAPHIC NAME
Geographic name West Virginia
General subdivision Fiction.
9 (RLIN) 5156
856 42 - ELECTRONIC LOCATION AND ACCESS
Materials specified Contributor biographical information
Uniform Resource Identifier <a href="http://www.loc.gov/catdir/bios/simon051/90000603.html">http://www.loc.gov/catdir/bios/simon051/90000603.html</a>
856 42 - ELECTRONIC LOCATION AND ACCESS
Materials specified Publisher description
Uniform Resource Identifier <a href="http://www.loc.gov/catdir/description/simon032/90000603.html">http://www.loc.gov/catdir/description/simon032/90000603.html</a>
856 41 - ELECTRONIC LOCATION AND ACCESS
Materials specified Sample text
Uniform Resource Identifier <a href="http://www.loc.gov/catdir/enhancements/fy0641/90000603-s.html">http://www.loc.gov/catdir/enhancements/fy0641/90000603-s.html</a>
906 ## - LOCAL DATA ELEMENT F, LDF (RLIN)
a 7
b cbc
c orignew
d 1
e ocip
f 19
g y-gencatlg
942 ## - ADDED ENTRY ELEMENTS (KOHA)
Source of classification or shelving scheme Library of Congress Classification
Koha item type Books
Holdings
Withdrawn status Lost status Source of classification or shelving scheme Damaged status Home library Current library Shelving location Date acquired Source of acquisition Total Checkouts Total Renewals Full call number Barcode Date last seen Date checked out Copy number Price effective from Koha item type
    Library of Congress Classification   Luxembourg Library Luxembourg Library Kids Fiction Section 07/29/2013 Donation 1 3 PZ 7 .N333 1991 5004 06/10/2017 08/12/2015 1 07/29/2013 Books

Shiloh /

APA

Naylor P. R., . (1991). Shiloh. New York: Atheneum.

Chicago

Naylor Phyllis Reynolds, . 1991. Shiloh. New York: Atheneum.

Harvard

Naylor P. R., . (1991). Shiloh. New York: Atheneum.

MLA

Naylor Phyllis Reynolds, . Shiloh. New York: Atheneum. 1991.

  • Place hold
  • Print
  • Cite
  • Add to your cart (remove)
  • Save record
    BIBTEX Dublin Core MARCXML MARC (non-Unicode/MARC-8) MARC (Unicode/UTF-8) MARC (Unicode/UTF-8, Standard) MODS (XML) RIS
  • More searches
    Search for this title in:
    Other Libraries (WorldCat) Other Databases (Google Scholar) Online Stores (Bookfinder.com) Open Library (openlibrary.org)

Exporting to Dublin Core...

SOUTHVILLE LIBRARY

Southville International School and Colleges Library

1281 Tropical Ave. Cor. Luxembourg St., BF Homes International, Las Pinas City

Tel. No. 8256374 / 252358 Loc. 117/146

Powered by Koha